Trakčné systémy elektromobilov

Enregistré dans:
Détails bibliographiques
Auteur principal: Pieger, Peter (Auteur)
Autres auteurs: Paulech, Juraj (Directeur de thèse)
Format: Manuscrit Livre
Langue:slovaque
Publié: Bratislava : STU v Bratislave FEI, 2022
Sujets:
Accès en ligne:https://opac.crzp.sk/?fn=detailBiblioFormChildAQHK5&sid=378281AEB05FBF717632CCA6EBFA&seo=CRZP-detail-kniha
Tags: Ajouter un tag
Pas de tags, Soyez le premier à ajouter un tag!

MARC

LEADER 00000ntm a22000003a 4500
001 stuzp87453
003 SK-STU
005 20230301132207.1
007 ta
008 150427s2015----xo-----f-mn---000-0-slo-d
040 |a STU  |b slo 
041 0 |a slo 
044 |a xo 
100 1 |a Pieger, Peter  |u 030400  |4 aut  |U FEI Fakulta elektrotechniky a informatiky  |T FEI Ústav automobilovej mechatroniky  |X 104679  |U E400  |Y 642  |7 104679 
242 0 1 |a Driving motor-generators for battery electric vehicles  |y eng 
245 1 0 |a Trakčné systémy elektromobilov 
260 |a Bratislava :  |b STU v Bratislave FEI,  |c 2022 
300 |a 56 s., príl. 
650 4 |a elektromobily  |2 slo 
650 4 |a elektromotory  |2 slo 
650 4 |a CAD model  |2 slo 
650 4 |a trakčné systémy  |2 slo 
650 4 |a electric motors  |2 eng 
650 4 |a CAD model  |2 eng 
650 4 |a traction systems  |2 eng 
650 4 |a electric cars  |2 eng 
700 1 |a Paulech, Juraj  |u 030400  |k Z1  |4 ths  |U FEI Fakulta elektrotechniky a informatiky  |T FEI Ústav automobilovej mechatroniky  |X 12290  |U E400  |Y 642  |7 A000012290 
856 4 |u https://opac.crzp.sk/?fn=detailBiblioFormChildAQHK5&sid=378281AEB05FBF717632CCA6EBFA&seo=CRZP-detail-kniha